000 00806nam a2200193 a 4500
001 BRCA_6069
005 20190320205324.0
008 170608s1990----mx-a---###---#000-0#spa-#
050 4 _aNK9600
_b.R58 1990
100 1 _aRivero Weber, Lilia Teresa
_915332
245 1 0 _aDiagnóstico del deterioro e identificación de maderas empleadas para pintura sobre tabla en la época colonial.
260 _aCiudad de México
_c1990
300 _a231 p.
_bil.
502 _aTesis Licenciatura (Licenciada en Conservación y Restauración de Bienes Muebles) Escuela Nacional de Conservación, Restauración y Museografía
650 1 4 _aTrabajos en madera
_xDeterioro e identificación
_yÉpoca colonial, 1521-1821
_915333
700 1 _aQuintanar Isaías, Alejandra
_easesor
_910598
902 _aTES
942 _2lcc
_cTES
999 _c5756
_d5756